[Event "Essent open"]
[Site "Hoogeveen"]
[Date "2005.10.28"]
[Round "8"]
[White "Hoeksema, Erik"]
[Black "Ernst, Sipke"]
[Result "0-1"]
[WhiteElo "2401"]
[BlackElo "2473"]
[PlyCount "121"]
[EventDate "2005.10.21"]

{**Extended header information:|||S2/ ... moves||**} 1. d4 d5 2. c4 c6 3. Nf3
Nf6 4. Nc3 a6 5. a4 e6 6. Bg5 Nbd7 7. e3 Qa5 8. cxd5 Nxd5 9. Qb3 Bb4 10. Rc1 c5
11. Bd3 h6 12. Bh4 cxd4 13. exd4 Nf4 14. Bf1 Nb6 15. Bg3 Nfd5 16. Bc4 Qxa4 17.
O-O Qxb3 18. Bxb3 O-O 19. Ne5 Rd8 20. Nd3 Be7 21. Nc5 h5 22. h4 Nxc3 23. bxc3
Nd7 24. Ne4 Nf6 25. Nxf6+ Bxf6 26. Bd1 g6 27. Bf3 a5 28. Ra1 Rd7 29. Rfb1 Bd8
30. Ra4 Kf8 31. Kf1 Ke7 32. Ke1 Bc7 33. Rb5 Ra6 34. Rc5 Kd8 35. Rac4 {Diagram #
} b5 36. Rxb5 Bxg3 37. fxg3 a4 38. Rb2 e5 39. dxe5 a3 40. Ra2 Ra5 41. Re4 Rda7
42. Rd4+ Ke7 43. Bd5 Rb5 44. Rdd2 Bf5 45. c4 Rb3 46. Kf2 Rc3 47. Ra1 Ra5 48.
Raa2 Ra6 49. Re2 Rb6 50. Red2 Be6 51. Kg1 Rb1+ 52. Kf2 Rbb3 53. Re2 Bf5 54.
Red2 Bd3 55. c5 Bc4 56. Bxc4 Rxc4 57. Rd6 Rc1 58. Rb6 Rd3 59. Ra6 Rcc3 60. c6
Kd8 61. Ra7 0-1

[Event "Essent open"]
[Site "Hoogeveen"]
[Date "2005.10.28"]
[Round "8"]
[White "Sareen, Vishal"]
[Black "Jonkman, Harmen"]
[Result "0-1"]
[WhiteElo "2375"]
[BlackElo "2446"]
[PlyCount "88"]
[EventDate "2005.10.21"]

1. e4 e5 2. Nf3 Nc6 3. Bb5 Nf6 4. O-O Nxe4 5. d4 Nd6 6. Bxc6 dxc6 7. dxe5 Nf5
8. Qxd8+ Kxd8 9. Nc3 Ne7 10. h3 h6 11. Be3 Ng6 12. Rad1+ Bd7 13. a3 Kc8 14.
Rfe1 Be7 15. Bc1 Re8 16. Ne4 c5 17. Nc3 b6 18. Nd5 a5 19. Nh2 Bh4 20. Nf3 Bd8
21. Nf4 Nxf4 22. Bxf4 a4 23. Nd2 Be6 24. Ne4 Kb7 25. g4 Be7 26. Be3 h5 27. f3
Kc6 28. Kg2 Rad8 29. Kg3 hxg4 30. hxg4 b5 31. f4 g6 32. Rxd8 Rxd8 33. Rf1 Bc4
34. Rh1 Bd5 35. Kf3 f5 36. exf6 Bxf6 37. Bc1 Re8 38. Re1 b4 39. f5 g5 40. Re2
Kb5 41. b3 axb3 42. cxb3 c4 43. bxc4+ Kxc4 44. axb4 {Diagram #} Rxe4 0-1

[Event "Essent open"]
[Site "Hoogeveen"]
[Date "2005.10.28"]
[Round "8"]
[White "Henrichs, Thomas"]
[Black "Willemze, Thomas"]
[Result "0-1"]
[WhiteElo "2447"]
[BlackElo "2363"]
[PlyCount "128"]
[EventDate "2005.10.21"]

1. e4 c6 2. d4 d5 3. Nc3 dxe4 4. Nxe4 Bf5 5. Ng3 Bg6 6. h4 h6 7. Nf3 Nd7 8. h5
Bh7 9. Bd3 Bxd3 10. Qxd3 e6 11. Bf4 Qa5+ 12. Bd2 Bb4 13. c3 Be7 14. c4 Qc7 15.
d5 cxd5 16. cxd5 Qd6 17. Bc3 Ngf6 18. O-O-O Qxd5 19. Qxd5 Nxd5 20. Bxg7 Rh7 21.
Bd4 Nf4 22. Kb1 Nf6 23. Bxf6 Bxf6 24. Ne4 Be7 25. Nd4 a6 26. g3 Nd5 27. g4 Rd8
28. Nb3 Rg7 29. f3 b6 30. Nd4 Ne3 31. Rd3 {Diagram #} Nxg4 32. Nxe6 Rxd3 33.
Nxg7+ Kf8 34. fxg4 Kxg7 35. Rg1 Rd5 36. Ng3 Kf6 37. Re1 Re5 38. Rf1+ Kg5 39.
Nf5 Bc5 40. a3 a5 41. Ng7 Kxg4 42. Rxf7 Re7 43. Nf5 Re1+ 44. Kc2 Kxh5 45. b4
Kg6 46. Rc7 axb4 47. axb4 Bf2 48. Ne7+ Kg5 49. Nd5 Re5 50. Rg7+ Kf5 51. Rf7+
Ke6 52. Rf6+ Kxd5 53. Rxf2 h5 54. Rf6 b5 55. Kd3 Rg5 56. Rf8 Rg3+ 57. Kc2 Ke4
58. Re8+ Kf4 59. Rf8+ Kg4 60. Rb8 h4 61. Rxb5 h3 62. Rb8 h2 63. Rg8+ Kf3 64.
Rh8 Kg2 0-1

[Event "Essent open"]
[Site "Hoogeveen"]
[Date "2005.10.??"]
[Round "8"]
[White "Habu, Yoshiharu"]
[Black "Souleidis, Georgios"]
[Result "0-1"]
[WhiteElo "2341"]
[BlackElo "2421"]
[PlyCount "90"]
[EventDate "2005.10.21"]

1. e4 c5 2. Nf3 Nc6 3. c3 Nf6 4. e5 Nd5 5. Bc4 Nb6 6. Bb3 c4 7. Bc2 Qc7 8. Qe2
g5 9. h3 Bg7 10. O-O Nxe5 11. Nxg5 d5 12. Re1 h6 13. Nf3 Nxf3+ 14. Qxf3 e5 15.
d4 cxd3 16. Bxd3 Be6 17. Bf5 Qd7 18. Bxe6 Qxe6 19. Qg3 O-O 20. f4 e4 21. f5
Qxf5 22. Bxh6 Qh7 23. Bxg7 Qxg7 24. Qxg7+ Kxg7 25. Na3 f5 26. Rad1 Rad8 27. Rd4
Kf6 28. Rb4 Rd7 29. Nb5 Nc4 30. b3 Ne5 31. Nxa7 Nd3 32. Rb6+ Ke5 33. Re2 Nf4
34. Rc2 Rg8 35. Nb5 Rdg7 36. Nd4 Rxg2+ 37. Rxg2 Rxg2+ 38. Kf1 e3 39. Rxb7 Rf2+
40. Kg1 Nxh3+ 41. Kh1 Ng5 42. Re7+ Kf4 43. a4 Nf3 44. Ne6+ Ke5 45. Nd4+ Kf6 0-1

[Event "Essent open"]
[Site "Hoogeveen"]
[Date "2005.10.28"]
[Round "8"]
[White "Grooten, Herman"]
[Black "Brandenburg, Daan"]
[Result "1-0"]
[WhiteElo "2350"]
[BlackElo "2395"]
[PlyCount "107"]
[EventDate "2005.10.21"]

1. d4 Nf6 2. c4 g6 3. Nc3 Bg7 4. e4 d6 5. Nf3 O-O 6. Be2 e5 7. d5 Na6 8. Bg5 h6
9. Bh4 g5 10. Bg3 Nxe4 11. Nxe4 f5 12. Nfd2 fxe4 13. Nxe4 Bf5 14. Bd3 g4 15. a3
h5 16. f3 Bxe4 17. Bxe4 Nc5 18. O-O Nxe4 19. fxe4 Qg5 20. Qd3 Bh6 21. Rae1
Rxf1+ 22. Kxf1 Rf8+ 23. Kg1 h4 24. Bf2 h3 25. Qg3 Qg7 26. gxh3 gxh3 27. c5 a6
28. cxd6 cxd6 29. Bb6 Rc8 30. Qxg7+ Kxg7 31. Kf2 Bf4 32. Kf3 Rc2 33. Kg4 Rxh2
34. Bc7 Rxb2 35. Kxh3 Rb3+ 36. Kg4 Rxa3 37. Bxd6 Rg3+ 38. Kf5 Rg5+ 39. Ke6 Rg6+
40. Kd7 Kf6 41. Rb1 Rg7+ 42. Kc8 a5 43. Rxb7 Rg8+ 44. Kc7 Rg2 45. Rb6 Re2 46.
Kd7 Rxe4 47. Be7+ Kg7 48. Ke6 Be3 49. Ra6 a4 50. d6 Rb4 51. d7 Rb6+ 52. Kf5
Rxa6 53. d8=Q Bh6 54. Bf6+ 1-0

[Event "Essent open"]
[Site "Hoogeveen"]
[Date "2005.10.28"]
[Round "8"]
[White "Michielsen, Joost"]
[Black "Hasanova, Elmira"]
[Result "1-0"]
[WhiteElo "2362"]
[BlackElo "2342"]
[PlyCount "115"]
[EventDate "2005.10.21"]

1. e4 c5 2. Nf3 d6 3. d4 cxd4 4. Nxd4 Nf6 5. Nc3 a6 6. Be3 e5 7. Nb3 Be6 8. f3
Nbd7 9. g4 Nb6 10. g5 Nfd7 11. Qd2 Qc7 12. O-O-O Be7 13. f4 exf4 14. Bxf4 Ne5
15. Nd5 Bxd5 16. exd5 Nbc4 17. Qc3 b5 18. Nd4 O-O 19. b3 Qa5 20. Qxa5 Nxa5 21.
Bh3 Rfe8 22. Rhg1 Ng6 23. Bd2 Nb7 24. Rde1 Nc5 25. Re2 Bf8 26. Rge1 Rxe2 27.
Rxe2 Ne5 28. Nc6 Nf3 29. Bg4 Nxd2 30. Kxd2 h6 31. h4 g6 32. a4 Bg7 33. a5 Kf8
34. Re1 hxg5 35. hxg5 Bh8 36. Re3 Bg7 37. b4 Na4 38. Be2 f6 39. c4 bxc4 40.
Bxc4 fxg5 41. Be2 g4 42. Kc2 Nc3 43. Rxc3 Bxc3 44. Kxc3 g3 45. Bf3 Ke8 46. Kd4
Kd7 47. Ke4 Rf8 48. Nd4 Kc8 49. b5 axb5 50. Nxb5 Rf6 51. a6 Kb8 52. Ke3 g5 53.
a7+ Kb7 54. Ke2 g4 55. Bxg4 Rf2+ 56. Ke1 Ra2 57. Kf1 Rf2+ 58. Kg1 1-0

[Event "Essent open"]
[Site "Hoogeveen"]
[Date "2005.10.28"]
[Round "8"]
[White "Van Leent, Dimitri"]
[Black "Jens, Jelmer"]
[Result "0-1"]
[WhiteElo "2309"]
[BlackElo "2366"]
[PlyCount "88"]
[EventDate "2005.10.21"]

1. e4 c5 2. Nf3 d6 3. d4 cxd4 4. Nxd4 Nf6 5. Nc3 a6 6. Be3 e5 7. Nb3 Be6 8. f3
Nbd7 9. Qd2 Be7 10. O-O-O O-O 11. g4 b5 12. g5 Nh5 13. Nd5 Bxd5 14. exd5 f5 15.
gxf6 Rxf6 16. Kb1 Qe8 17. Re1 Nf4 18. Na5 Bd8 19. Bxf4 Rxf4 20. Bh3 Bxa5 21.
Qxa5 Nc5 22. Rhg1 Qd8 23. Qc3 Qf6 24. Rg3 a5 25. Reg1 g6 26. Qe3 b4 27. Bg4 a4
28. h4 a3 29. h5 e4 30. Qc1 Na4 31. hxg6 h5 32. Be6+ Kg7 33. fxe4 axb2 34. Qd1
Nc3+ 35. Rxc3 bxc3 36. Bf5 h4 37. Qd3 Re8 38. Rd1 Qe5 39. a4 Re7 40. a5 Ra7 41.
a6 Rf2 42. Qc4 Rd2 43. Rf1 Qd4 44. Qxd4+ Rxd4 0-1

[Event "Essent open"]
[Site "Hoogeveen"]
[Date "2005.10.28"]
[Round "8"]
[White "Wiersma, Eelke"]
[Black "Weeks, Manuel"]
[Result "1-0"]
[WhiteElo "2431"]
[BlackElo "2268"]
[PlyCount "73"]
[EventDate "2005.10.21"]

1. e4 e5 2. Nf3 Nc6 3. d4 exd4 4. Nxd4 Nf6 5. Nxc6 bxc6 6. e5 Qe7 7. Qe2 Nd5 8.
c4 Ba6 9. b3 g5 10. h4 Bg7 11. Bb2 O-O-O 12. Nd2 Nb4 13. O-O-O c5 14. hxg5 Qxg5
15. a3 Nc6 16. Rh5 Qe7 17. Nf3 Bb7 18. Qc2 f6 19. exf6 Bxf6 20. Bxf6 Qxf6 21.
Kb1 Nd4 22. Nxd4 cxd4 23. f3 h6 24. Ra5 Rde8 25. b4 Re3 26. Rf5 Qg7 27. Ka2
Rhe8 28. Qd2 Qg6 29. Rf4 Qa6 30. Qb2 c5 31. bxc5 Rc3 32. Rfxd4 Ree3 33. Bd3 Qa5
34. Qb4 Qxb4 35. axb4 Ba6 36. b5 Bb7 37. Kb2 1-0

[Event "Essent open"]
[Site "Hoogeveen"]
[Date "2005.10.28"]
[Round "8"]
[White "Bitalzadeh, Ali"]
[Black "Spoelman, Wouter"]
[Result "1-0"]
[WhiteElo "2267"]
[BlackElo "2362"]
[PlyCount "133"]
[EventDate "2005.10.21"]

1. e4 c5 2. Nf3 d6 3. d4 cxd4 4. Nxd4 Nf6 5. f3 a6 6. c4 e6 7. Nc3 Be7 8. Be2
O-O 9. O-O b6 10. Be3 Bb7 11. Qd2 Nbd7 12. Rfd1 Rc8 13. Rac1 Qc7 14. Bf1 Qb8
15. Kh1 Bd8 16. b4 Re8 17. Nb3 Bc7 18. Bf4 Ne5 19. Bxe5 dxe5 20. c5 Red8 21.
Qf2 Rxd1 22. Rxd1 b5 23. a4 bxa4 24. Nxa4 Bc6 25. Nb6 Bxb6 26. cxb6 Ba4 27. Qa2
Bxb3 28. Qxb3 Qxb6 29. Qa3 Rd8 30. Rc1 h5 31. Bxa6 Rd4 32. Rb1 h4 33. Bf1 h3
34. Qc3 hxg2+ 35. Kxg2 Nh5 36. Kh1 Qd8 37. b5 Rd2 38. b6 Rf2 39. b7 Ng3+ 40.
Kg1 Qh4 41. b8=Q+ Kh7 42. Kxf2 Nxe4+ 43. Kg1 Qf2+ 44. Kh1 Nxc3 45. Qb2 Qxf3+
46. Bg2 Qe3 47. Qc1 Qd4 48. Qc2+ f5 49. Rc1 Nd5 50. Bxd5 Qxd5+ 51. Qg2 Qd7 52.
Rg1 e4 53. Qg6+ Kh8 54. Rb1 Qc8 55. Qg3 Qc4 56. Rg1 Qd4 57. Qg6 Qd7 58. h4 e3
59. Qg2 Qd4 60. Qg3 f4 61. Qg4 Qe4+ 62. Kh2 Qe5 63. Qf3 Qf5 64. Rg5 Qc2+ 65.
Kh3 Qc7 66. Qh5+ Kg8 67. Qe8+ 1-0

[Event "Essent open"]
[Site "Hoogeveen"]
[Date "2005.10.28"]
[Round "8"]
[White "Fominykh, Maria"]
[Black "Vedder, Richard"]
[Result "1/2-1/2"]
[WhiteElo "2335"]
[BlackElo "2224"]
[PlyCount "93"]
[EventDate "2005.10.21"]

1. e4 e5 2. Nf3 Nc6 3. Bc4 Nf6 4. d3 Be7 5. O-O d6 6. c3 O-O 7. Nbd2 Na5 8. Bb5
a6 9. Ba4 b5 10. Bc2 c5 11. Re1 Re8 12. Nf1 Bf8 13. Bg5 h6 14. Bh4 Nc6 15. Ne3
Be7 16. d4 Nd7 17. Bg3 Bf8 18. dxc5 Nxc5 19. b4 Ne6 20. a4 Nc7 21. Qd3 Be6 22.
axb5 axb5 23. Nd5 Rxa1 24. Rxa1 Ne7 25. Ne3 f6 26. Nd2 Qd7 27. Bb3 Bxb3 28.
Nxb3 Qe6 29. Ra7 Rc8 30. Nd2 d5 31. f3 dxe4 32. fxe4 Nc6 33. Ra1 Rd8 34. Qc2
Qd7 35. Rd1 Qd3 36. Qb3+ Kh7 37. Bf2 Qe2 38. Nef1 Rd3 39. Re1 Qh5 40. Qc2 Rd7
41. Ne3 Qg6 42. Nf3 Qf7 43. Rd1 g6 44. Nf1 Qe6 45. Bg3 Bg7 46. h4 h5 47. Rxd7
1/2-1/2

[Event "Essent open"]
[Site "Hoogeveen"]
[Date "2005.10.28"]
[Round "8"]
[White "Meijer, Dolf"]
[Black "Van Beek, Alexander"]
[Result "0-1"]
[WhiteElo "2226"]
[BlackElo "2334"]
[PlyCount "131"]
[EventDate "2005.10.21"]

{**Extended header information:|||S2/ ... moves||**} 1. e4 c5 2. Nf3 e6 3. d4
cxd4 4. Nxd4 a6 5. Nc3 Qc7 6. Be2 b5 7. f4 Bb7 8. Bf3 Nf6 9. e5 b4 10. exf6
bxc3 11. fxg7 Bxg7 12. O-O Nc6 13. bxc3 Rc8 14. Rb1 Na5 15. f5 Qxc3 16. Bb2
Bxf3 17. Rxf3 Bxd4+ 18. Qxd4 Qxd4+ 19. Bxd4 Rg8 20. fxe6 fxe6 21. Rh3 Nc4 22.
Rd1 e5 23. Bc3 Rg7 24. Rd5 d6 25. Bb4 Kd7 26. Rh6 Kc6 27. Rc5+ Kd7 28. Rxc8
Kxc8 29. Bxd6 Ne3 30. g3 Rf7 31. h3 Nf5 32. Rh5 Nxd6 33. Rxe5 Kb7 34. g4 Rc7
35. Rh5 Nb5 36. c4 Nc3 37. a3 Ne2+ 38. Kf2 Nf4 39. Rh6 Nd3+ 40. Ke3 Nb2 41. c5
Nc4+ 42. Kd4 Nxa3 43. Rb6+ Ka7 44. Rb3 Nb5+ 45. Kd5 Kb7 46. h4 Rd7+ 47. Ke5 Kc6
48. g5 a5 49. h5 a4 50. Rg3 Nc7 51. g6 Ne8 52. h6 hxg6 53. Rxg6+ Kxc5 54. Re6
Nd6 55. Kf6 Nf7 56. Re4 Kb5 57. h7 Nh8 58. Re5+ Kb4 59. Re4+ Kb3 60. Re3+ Kc2
61. Re2+ Kd3 62. Re8 Rxh7 63. Ra8 Rh4 64. Kg5 Rc4 65. Rxh8 Kc2 66. Kf5 0-1

[Event "Essent open"]
[Site "Hoogeveen"]
[Date "2005.10.28"]
[Round "8"]
[White "Slingerland, Fred"]
[Black "Doggers, Peter"]
[Result "1-0"]
[WhiteElo "2325"]
[BlackElo "2239"]
[PlyCount "47"]
[EventDate "2005.10.21"]

1. e4 c5 2. Nf3 d6 3. d4 cxd4 4. Nxd4 Nf6 5. Nc3 a6 6. Be2 e6 7. f4 Be7 8. O-O
O-O 9. Kh1 Nc6 10. Be3 Qc7 11. a4 Re8 12. a5 Nxa5 13. e5 dxe5 14. fxe5 Nd7 15.
Bd3 Nf8 16. Qf3 f5 17. exf6 Bxf6 18. Qh5 Rd8 19. Rxa5 Bxd4 20. Bxd4 Rxd4 21.
Nb5 axb5 22. Rxa8 Rf4 23. Rxf4 Qxf4 24. Bxh7+ 1-0

[Event "Essent open"]
[Site "Hoogeveen"]
[Date "2005.10.28"]
[Round "8"]
[White "Kleijn, Christov"]
[Black "Weisbuch, Udi"]
[Result "0-1"]
[WhiteElo "2059"]
[BlackElo "2299"]
[PlyCount "90"]
[EventDate "2005.10.21"]

1. e4 e6 2. d4 d5 3. Nc3 Nf6 4. Bg5 Be7 5. e5 Nfd7 6. Bxe7 Qxe7 7. f4 a6 8. Nf3
c5 9. Qd2 Nc6 10. dxc5 Qxc5 11. O-O-O b5 12. Bd3 Nb6 13. Kb1 Bd7 14. Rhe1 Rb8
15. g4 Na4 16. Ne2 Qb4 17. Qxb4 Nxb4 18. Nc1 h5 19. h3 Ke7 20. g5 g6 21. Nd4
Rhc8 22. Nce2 Rc7 23. Nb3 Nb6 24. a3 Nc6 25. Nc5 Bc8 26. b4 Nc4 27. Ka2 a5 28.
Bxc4 bxc4 29. bxa5 Rb5 30. Na4 Rxa5 31. Nb6 Bd7 32. Nd4 Nxd4 33. Rxd4 Rca7 34.
Re3 R7a6 35. Nxd7 Kxd7 36. Rd1 Kc6 37. Kb2 Kc5 38. c3 Rxa3 39. Rb1 Rb3+ 40. Kc1
Rxb1+ 41. Kxb1 d4 42. cxd4+ Kxd4 43. Rf3 Ke4 44. Rc3 Rc6 45. Ra3 Rc7 0-1

[Event "Essent open"]
[Site "Hoogeveen"]
[Date "2005.10.28"]
[Round "8"]
[White "Ouwendijk, Vincent"]
[Black "Clemens, Adrian"]
[Result "0-1"]
[WhiteElo "2107"]
[BlackElo "2272"]
[PlyCount "54"]
[EventDate "2005.10.21"]

1. e4 c5 2. Nf3 e6 3. d4 cxd4 4. Nxd4 a6 5. Nc3 b5 6. Bd3 Qb6 7. Nb3 Qc7 8. O-O
Bb7 9. Be3 Nf6 10. a3 d6 11. f4 Nbd7 12. Qe1 g6 13. f5 gxf5 14. exf5 Rg8 15.
Rf2 e5 16. h3 d5 17. a4 b4 18. Na2 a5 19. c3 Be7 20. cxb4 d4 21. Rc1 Qd6 22.
Bh6 Qd5 23. Qf1 Qxb3 24. Rc7 Bd5 25. Nc1 Qxb4 26. Rfc2 Bd8 27. Bd2 Qd6 0-1

[Event "Essent open"]
[Site "Hoogeveen"]
[Date "2005.10.28"]
[Round "8"]
[White "Rooda, Kai"]
[Black "De Jong, Migchiel"]
[Result "1/2-1/2"]
[WhiteElo "2132"]
[BlackElo "2277"]
[PlyCount "58"]
[EventDate "2005.10.21"]

1. d4 Nf6 2. Nf3 d5 3. c4 e6 4. Nc3 c5 5. cxd5 Nxd5 6. e4 Nxc3 7. bxc3 cxd4 8.
cxd4 Nc6 9. Bd3 Bb4+ 10. Bd2 Bxd2+ 11. Qxd2 O-O 12. Bc2 Qa5 13. Qxa5 Nxa5 14.
O-O Bd7 15. Bd3 Rfc8 16. Rac1 f6 17. Rfd1 b5 18. Kf1 a6 19. Ke1 Kf7 20. Kd2 g5
21. Rxc8 Rxc8 22. Rc1 Rxc1 23. Kxc1 Nc6 24. g4 e5 25. d5 Nb4 26. Be2 Nxa2+ 27.
Kb2 Nb4 28. Nd2 Ke7 29. Nb3 a5 1/2-1/2

[Event "Essent open"]
[Site "Hoogeveen"]
[Date "2005.10.28"]
[Round "8"]
[White "Van Geffen, Ben"]
[Black "Van Veen, Oscar"]
[Result "0-1"]
[WhiteElo "2118"]
[BlackElo "2207"]
[PlyCount "104"]
[EventDate "2005.10.21"]

1. e4 e5 2. Nf3 Nc6 3. d4 exd4 4. Bc4 Nf6 5. O-O Bc5 6. e5 d5 7. exf6 dxc4 8.
fxg7 Rg8 9. Bg5 Be7 10. Bxe7 Kxe7 11. Nbd2 Be6 12. Re1 Qd5 13. Qe2 b5 14. Qe4
Qxe4 15. Rxe4 Rad8 16. a4 a6 17. Ng5 Rxg7 18. Nxe6 fxe6 19. axb5 axb5 20. Ra6
c3 21. bxc3 dxc3 22. Nf1 Nd4 23. Ne3 b4 24. Kf1 Kf8 25. Ra5 c6 26. g3 Kg8 27.
Ra2 c5 28. Re5 Rc7 29. Nc4 Kf7 30. Re4 Kg8 31. Kg2 Kf7 32. Rf4+ Kg8 33. Re4 Rb8
34. Re3 h6 35. h4 Rd8 36. Re5 Kg7 37. Re4 Kh7 38. g4 Rf8 39. f4 Rcf7 40. Kg3
Rxf4 41. Rxf4 Ne2+ 42. Kf3 Nxf4 43. Ke4 Ng6 44. Ra7+ Kg8 45. Ne5 Nxe5 46. Kxe5
Rf2 47. h5 Rxc2 48. Kf6 Rf2+ 49. Kg6 Kf8 50. g5 c2 51. Ra1 hxg5 52. h6 Rh2 0-1

[Event "Essent open"]
[Site "Hoogeveen"]
[Date "2005.10.28"]
[Round "8"]
[White "Van Opheusden, Bas"]
[Black "Vogel, Jaap"]
[Result "1/2-1/2"]
[WhiteElo "2190"]
[BlackElo "2261"]
[PlyCount "87"]
[EventDate "2005.10.21"]

1. e4 e6 2. d4 d5 3. Nc3 Bb4 4. e5 b6 5. Qg4 Bf8 6. Bb5+ c6 7. Ba4 a5 8. a3 Ba6
9. Nce2 Qc8 10. Ng3 Bc4 11. c3 Qa6 12. Nh3 Bd3 13. Nf4 Ne7 14. Nxd3 Qxd3 15.
Bd1 Nd7 16. Be2 Qc2 17. Bd1 Qd3 18. Be2 Qc2 19. O-O g6 20. f4 Nf5 21. Nxf5 gxf5
22. Qf3 c5 23. c4 cxd4 24. cxd5 Rc8 25. Ba6 Rc5 26. d6 Qe4 27. Bd2 Qxf3 28.
Rxf3 f6 29. Rd3 fxe5 30. fxe5 Bg7 31. Rxd4 Bxe5 32. Bc3 Kf7 33. Rd3 Rd8 34. Re1
Bxc3 35. bxc3 Nf6 36. c4 Rc6 37. Red1 Ne4 38. Bb7 Rxc4 39. Bxe4 Rxe4 40. Rb1
Rb8 41. d7 Ke7 42. Rxb6 Rd8 43. Rb7 h5 44. Kf2 1/2-1/2

[Event "Essent open"]
[Site "Hoogeveen"]
[Date "2005.10.28"]
[Round "8"]
[White "Holscher, Peter"]
[Black "Van der Veen, Jan"]
[Result "1-0"]
[WhiteElo "2069"]
[BlackElo "2196"]
[PlyCount "130"]
[EventDate "2005.10.21"]

1. Nf3 Nf6 2. g3 g6 3. Bg2 Bg7 4. c4 O-O 5. Nc3 d6 6. d4 Nc6 7. O-O Rb8 8. h3
a6 9. Be3 b5 10. Nd2 Bd7 11. cxb5 axb5 12. Rc1 e6 13. b3 Ne7 14. Bg5 h6 15.
Bxf6 Bxf6 16. e3 Bg7 17. b4 f5 18. Nb3 c6 19. Qe2 Qb6 20. Rfd1 Rbc8 21. e4 fxe4
22. Nxe4 Qb8 23. f4 Nd5 24. Qd2 Kh7 25. Re1 Nf6 26. Qd3 Nd5 27. a3 Qc7 28. Na5
Qb8 29. Kh2 Rfd8 30. h4 Kg8 31. Nf2 Ne7 32. Bh3 Nf5 33. Bxf5 gxf5 34. Qe3 Rf8
35. Red1 Qb6 36. Nh3 Qd8 37. Ng1 Kh8 38. Nf3 Bf6 39. Rd2 Rg8 40. Rdc2 Qe8 41.
Nb7 Be7 42. d5 cxd5 43. Nd4 Qg6 44. Na5 Rxc2+ 45. Rxc2 Bf6 46. Qf2 e5 47. Rc7
exf4 48. g4 fxg4 49. Qd2 g3+ 50. Kg1 Qe4 51. Nab3 Bh3 52. Nxb5 Be5 53. Nc3 Qg6
54. Nd4 Rg7 55. Rc6 Qf6 56. Nf3 Bg4 57. Nxd5 Qe6 58. Nxe5 Qxe5 59. Nxf4 g2 60.
Rxd6 Qa1+ 61. Kxg2 Bf5+ 62. Kf3 Qf1+ 63. Ke3 Re7+ 64. Kd4 Re4+ 65. Kc5 Qc4+ 1-0

[Event "Essent open"]
[Site "Hoogeveen"]
[Date "2005.10.28"]
[Round "8"]
[White "Van Weersel, Arlette"]
[Black "Cako, Laszlo"]
[Result "0-1"]
[WhiteElo "2174"]
[BlackElo "2193"]
[PlyCount "104"]
[EventDate "2005.10.21"]

1. e4 e5 2. Nf3 Nc6 3. Bc4 Nf6 4. Ng5 d5 5. exd5 Na5 6. Bb5+ c6 7. dxc6 bxc6 8.
Qf3 Rb8 9. Bd3 Bd6 10. Nc3 O-O 11. O-O Bc7 12. Bf5 h6 13. Nge4 Nd5 14. Bxc8
Qxc8 15. Nc5 Nb4 16. Qd1 f5 17. a3 Nd5 18. b4 Nc4 19. Qe2 Ncb6 20. Nxd5 cxd5
21. Bb2 Nc4 22. Bc3 f4 23. f3 Qf5 24. Qd3 Qf7 25. Rae1 Rbe8 26. Ba1 Bb6 27. Kh1
e4 28. fxe4 Bxc5 29. exd5 Rxe1 30. Rxe1 f3 31. gxf3 Bb6 32. Rf1 Qf4 33. Bc3 Rf5
34. a4 Bc7 35. Rf2 Ne5 36. Qd4 Qg5 37. f4 Qh5 38. a5 Qd1+ 39. Kg2 Rh5 40. Qe3
Rxh2+ 41. Kxh2 Ng4+ 42. Kg3 Nxe3 43. dxe3 Qxd5 44. Bd4 g5 45. Bxa7 h5 46. Rg2
g4 47. Bb6 Qf3+ 48. Kh2 Qh3+ 49. Kg1 Bxb6 50. axb6 Qxe3+ 51. Kf1 Qxb6 52. Rh2
g3 0-1

[Event "Essent open"]
[Site "Hoogeveen"]
[Date "2005.10.28"]
[Round "8"]
[White "Potze, Rudolf"]
[Black "Van Nies, Pauline"]
[Result "0-1"]
[WhiteElo "2128"]
[BlackElo "2063"]
[PlyCount "64"]
[EventDate "2005.10.21"]

1. e4 c5 2. c3 d5 3. exd5 Qxd5 4. Nf3 Nf6 5. Na3 e6 6. d4 Nc6 7. Be2 cxd4 8.
Nb5 Qd8 9. Nbxd4 Nxd4 10. Nxd4 Be7 11. O-O O-O 12. Qc2 Bd7 13. Rd1 Qc7 14. Bf3
Rac8 15. Qb3 b6 16. Be3 a6 17. Ne2 b5 18. Ng3 Bc6 19. Bxc6 Qxc6 20. a4 Nd5 21.
axb5 axb5 22. Bd2 Rb8 23. Ne2 Bf6 24. Nf4 Nb6 25. Nd3 Nc4 26. Nb4 Qe4 27. Nc2
Rfd8 28. Be3 Rxd1+ 29. Rxd1 Na5 30. Qa3 Qxc2 31. Qd6 Rf8 32. Ra1 Rd8 0-1

[Event "Essent open"]
[Site "Hoogeveen"]
[Date "2005.10.28"]
[Round "8"]
[White "Kulago, Alexander"]
[Black "Archangelsky, Mikhail"]
[Result "0-1"]
[WhiteElo "2103"]
[BlackElo "2293"]
[PlyCount "78"]
[EventDate "2005.10.21"]

1. Nf3 d5 2. d4 Nf6 3. c4 c6 4. cxd5 cxd5 5. Nc3 Nc6 6. Bf4 a6 7. e3 Bg4 8. h3
Bxf3 9. Qxf3 Qb6 10. Rb1 e6 11. Bd3 Nb4 12. Be2 Nc2+ 13. Kd2 Nb4 14. Rhc1 Bd6
15. a3 Bxf4 16. Qxf4 Nc6 17. b4 Qd8 18. Bd3 O-O 19. Na4 Qe7 20. Nc5 e5 21. dxe5
Nxe5 22. Be2 Rad8 23. Ke1 Rfe8 24. Rd1 Nc6 25. Rb2 a5 26. Kf1 axb4 27. axb4 b6
28. Bb5 Rd6 29. Na4 Red8 30. Rbd2 Ne4 31. Rb2 Rf6 32. Qh2 Ne5 33. f4 h5 34. Bd3
Nxd3 35. Rxd3 h4 36. Nc3 Ng3+ 37. Kf2 d4 38. Nd1 dxe3+ 39. Rxe3 Rxf4+ 0-1

[Event "Essent open"]
[Site "Hoogeveen"]
[Date "2005.10.28"]
[Round "8"]
[White "Dougherty, Michael J"]
[Black "Galje, Hans"]
[Result "1-0"]
[WhiteElo "2212"]
[BlackElo "2135"]
[PlyCount "37"]
[EventDate "2005.10.21"]

1. e4 e6 2. d4 d5 3. Nc3 Bb4 4. e5 c5 5. Qg4 Ne7 6. Nf3 Nbc6 7. Bb5 O-O 8. Bxc6
bxc6 9. Bg5 Qc7 10. O-O Nf5 11. Rfe1 Rb8 12. Nh4 cxd4 13. Bf6 g6 14. Nxf5 exf5
15. Qxd4 Be6 16. Re3 Be7 17. Qh4 Bxf6 18. exf6 h5 19. Qg5 1-0

[Event "Essent open"]
[Site "Hoogeveen"]
[Date "2005.10.28"]
[Round "8"]
[White "Drost, Peter"]
[Black "Jelic, Bruno"]
[Result "0-1"]
[WhiteElo "2190"]
[BlackElo "2104"]
[PlyCount "110"]
[EventDate "2005.10.21"]

1. d4 Nf6 2. c4 g6 3. Nc3 Bg7 4. e4 d6 5. Nge2 O-O 6. Ng3 e5 7. d5 h5 8. Bg5
Qd7 9. h3 Nh7 10. Bd2 h4 11. Nge2 Qe7 12. Ng1 f5 13. Nf3 Nd7 14. Bd3 Nc5 15.
Bc2 fxe4 16. Nxe4 Bf5 17. Qe2 Rae8 18. Bc3 Bxe4 19. Bxe4 Nxe4 20. Qxe4 Ng5 21.
Nxg5 Qxg5 22. Bd2 Qh5 23. Qg4 Rf5 24. Be3 Bh6 25. Qxh5 Rxh5 26. Bxh6 Rxh6 27.
Kd2 Rh5 28. Rae1 Rf5 29. Rhf1 Rf4 30. Rc1 Ref8 31. Ke3 b6 32. b3 a5 33. a3 g5
34. Rc2 Kg7 35. b4 axb4 36. axb4 Ra8 37. Rd1 Ra4 38. Rb1 Kf6 39. Ke2 Kf5 40.
Rbb2 Rd4 41. Rc3 b5 42. cxb5 Raxb4 43. Rxb4 Rxb4 44. Rxc7 Rxb5 45. Rf7+ Kg6 46.
Rd7 Rxd5 47. g3 hxg3 48. fxg3 Kf5 49. Rf7+ Ke4 50. Rg7 Ra5 51. h4 Ra2+ 52. Kd1
gxh4 53. gxh4 Rh2 54. Rg4+ Kf3 55. Ra4 d5 0-1

[Event "Essent open"]
[Site "Hoogeveen"]
[Date "2005.10.28"]
[Round "?"]
[White "Hendriks, Richard"]
[Black "Woudt, Edwin"]
[Result "1/2-1/2"]
[WhiteElo "2157"]
[BlackElo "2103"]
[PlyCount "22"]
[EventDate "2005.10.21"]

1. c4 e5 2. Nc3 f5 3. d3 Nf6 4. e4 d6 5. g3 Nc6 6. Bg2 Be7 7. Nge2 O-O 8. O-O
Qe8 9. Nd5 Bd8 10. Rb1 Qh5 11. Nxf6+ Bxf6 1/2-1/2

[Event "Hoogeveen open"]
[Site "?"]
[Date "2005.10.29"]
[Round "9"]
[White "Nijboer, Friso"]
[Black "Rozentalis, Eduardas"]
[Result "1/2-1/2"]
[WhiteElo "2545"]
[BlackElo "2585"]
[PlyCount "109"]
[EventDate "2005.??.??"]

1. e4 Nf6 2. e5 Nd5 3. d4 d6 4. Nf3 dxe5 5. Nxe5 c6 6. Nd2 Nd7 7. Nd3 g6 8. Be2
Bg7 9. Nf3 O-O 10. O-O N7f6 11. Re1 Bf5 12. c3 Qc7 13. Bg5 Rfd8 14. Bf1 Bxd3
15. Qxd3 c5 16. dxc5 Qxc5 17. Rad1 Qb6 18. Qb5 Qxb5 19. Bxb5 h6 20. Bc1 a6 21.
Bf1 e6 22. Ne5 Rac8 23. g3 g5 24. a3 Nb6 25. Rxd8+ Rxd8 26. f4 gxf4 27. gxf4
Nfd5 28. Rd1 Rc8 29. c4 Bxe5 30. cxd5 Bd4+ 31. Rxd4 Rxc1 32. dxe6 fxe6 33. Rd6
Nd5 34. Rxe6 Nxf4 35. Rxh6 Nd5 36. Re6 Rb1 37. Re2 b5 38. Kf2 Nb6 39. Bg2 Na4
40. b4 Kf8 41. Re3 Nb2 42. Rf3+ Kg7 43. Bf1 Rc1 44. Ke3 Nc4+ 45. Kf2 Rc2+ 46.
Kg1 Ra2 47. Bxc4 bxc4 48. Rc3 Kf6 49. h4 Ke5 50. Rxc4 Rxa3 51. Kf2 Kf6 52. Ke2
a5 53. Rc6+ Kg7 54. b5 Rb3 55. Rc7+ 1/2-1/2